[Event "20th European Teams Women"]
[Site "Reykjavik ISL"]
[Date "2015.11.15"]
[Round "3.13"]
[White "Dolzhikova, O"]
[Black "Horn, E"]
[Result "1-0"]
[WhiteElo "2145"]
[BlackElo "1981"]
[EventDate "2015.11.13"]
[WhiteTitle "WGM"]
[BlackTitle "WFM"]
[WhiteTeam "Norway"]
[BlackTeam "Sweden"]
[WhiteFideId "14105870"]
[BlackFideId "1705385"]

1.e4 e5 2.Nf3 Nc6 3.Bc4 Nf6 4.d3 Bc5 5.c3 a6 6.Bb3 d6 7.Nbd2 Ba7 8.O-O O-O
9.h3 Be6 10.Re1 Bxb3 11.axb3 d5 12.Qe2 dxe4 13.dxe4 Nh5 14.Nc4 Qf6 15.Bg5 
Qg6 16.Rad1 h6 17.Bc1 Qf6 18.Nh2 Nf4 19.Qf3 b5 20.Ng4 Qe6 21.Ncxe5 Nxh3+ 
22.Qxh3 Nxe5 23.Nxe5 Qxe5 24.Rd5 Qe6 25.Qd3 c6 26.Rd6 Qg4 27.Rxc6 Rad8 28.
Qf3 Qxf3 29.gxf3 a5 30.Kg2 b4 31.Bf4 Bb8 32.Be3 Rc8 33.Rxc8 Rxc8 34.Bd4 
Bf4 35.Ra1 bxc3 36.bxc3 Rb8 37.Rxa5 Rxb3 38.Ra7 Bd2 39.Rc7 Kf8 40.Bc5+ Ke8
41.Re7+ Kd8 42.Rxf7 Bxc3 43.f4 Rb5 44.Bd6 g6 45.e5 Rd5 46.Rh7 g5 47.Kf3 
Rd3+ 48.Ke4 Rd4+ 49.Kf5 Rxf4+ 50.Ke6 Bxe5 51.Bxe5 Rf8 52.Ra7 Re8+ 53.Kd6 
1-0

[Event "20th European Teams Women"]
[Site "Reykjavik ISL"]
[Date "2015.11.16"]
[Round "4.4"]
[White "Brunello, M"]
[Black "Zhukova, N"]
[Result "0-1"]
[WhiteElo "2292"]
[BlackElo "2480"]
[EventDate "2015.11.13"]
[WhiteTitle "FM"]
[BlackTitle "GM"]
[WhiteTeam "Italy"]
[BlackTeam "Ukraine"]
[WhiteFideId "822590"]
[BlackFideId "14101513"]

1.e4 e5 2.Nf3 Nc6 3.Bc4 Bc5 4.O-O Nf6 5.d4 Bxd4 6.Nxd4 Nxd4 7.f4 d6 8.fxe5
dxe5 9.Bg5 Qe7 10.Na3 Rg8 11.Kh1 Bd7 12.Qe1 h6 13.Bh4 g5 14.Bf2 Ne6 15.Qa5
Nxe4 16.Qxe5 Nf4 17.Qd4 c5 18.Qe3 O-O-O 19.Nb5 Kb8 20.Bg3 Nxg3+ 21.Qxg3 
Bxb5 22.Bxb5 Qc7 23.Rf2 c4 24.b3 Qe5 0-1

[Event "20th European Teams Women"]
[Site "Reykjavik ISL"]
[Date "2015.11.16"]
[Round "4.6"]
[White "Chelushkina, I"]
[Black "Exler, V"]
[Result "1/2-1/2"]
[WhiteElo "2271"]
[BlackElo "2192"]
[EventDate "2015.11.13"]
[WhiteTitle "WGM"]
[BlackTitle "WFM"]
[WhiteTeam "Serbia"]
[BlackTeam "Austria"]
[WhiteFideId "928615"]
[BlackFideId "1620550"]

1.e4 e5 2.Nf3 Nc6 3.Bc4 Nf6 4.d3 Be7 5.O-O d6 6.c3 O-O 7.Bb3 d5 8.exd5 
Nxd5 9.Re1 Bf6 10.Nbd2 Nf4 11.Ne4 Nxd3 12.Nxf6+ gxf6 13.Bh6 Nxe1 14.Qxe1 
Bf5 15.Nh4 Bg6 16.Bxf8 Qxf8 17.Qe3 Na5 18.Qf3 Qe7 19.Re1 Nxb3 20.Qxb7 Rd8 
21.axb3 Rd2 22.Qxa7 Rxb2 23.b4 Rc2 24.Qe3 Qd6 25.h3 Qd3 26.Nxg6 Qxe3 27.
Rxe3 fxg6 28.Rd3 Rc1+ 29.Kh2 Kf8 30.Rd7 Rxc3 31.Rxh7 Rc4 32.b5 Rc5 33.Rh8+
Ke7 34.Rb8 Rc2 35.f3 Rb2 36.h4 Ke6 37.Kh3 Rb3 38.Kg4 Rb4+ 39.Kg3 Rb3 40.
Rc8 Rxb5 41.Rxc7 f5 42.Ra7 1/2-1/2

[Event "41st ch-BAN 2015"]
[Site "Dhaka BAN"]
[Date "2015.11.12"]
[Round "9.7"]
[White "Ahmed, Mah"]
[Black "Minhazuddin, A"]
[Result "0-1"]
[WhiteElo "2189"]
[BlackElo "2415"]
[EventDate "2015.11.03"]
[WhiteTitle "CM"]
[BlackTitle "IM"]
[WhiteFideId "10202021"]
[BlackFideId "10201955"]

1.e4 e5 2.Nf3 Nc6 3.Bc4 Nf6 4.d3 Be7 5.Nc3 O-O 6.a3 d6 7.h3 Be6 8.Bxe6 
fxe6 9.O-O Qe8 10.Bg5 Qg6 11.Bxf6 Rxf6 12.Nh2 Raf8 13.g3 h5 14.Kg2 Qf7 15.
Qe1 Nd4 16.Rc1 Rg6 17.Nd1 Nf3 18.Qe2 Nxh2 19.Kxh2 Rxg3 20.fxg3 Qxf1 21.
Qxf1 Rxf1 22.Kg2 Rf7 23.Nc3 Bg5 24.Rf1 Rxf1 25.Kxf1 Bc1 26.b3 Bxa3 27.Nb5 
Bb4 28.Nxa7 Kf7 29.Nb5 c6 30.c3 Bc5 31.b4 cxb5 32.bxc5 dxc5 33.h4 Ke7 34.
Ke2 b4 35.c4 Kd6 36.Kd2 Kc6 37.Kc2 Kb6 38.Kb2 Ka5 39.Kb3 g6 40.Kb2 Ka4 0-1

[Event "41st ch-BAN 2015"]
[Site "Dhaka BAN"]
[Date "2015.11.15"]
[Round "11.7"]
[White "Minhazuddin, A"]
[Black "Mohammad, J"]
[Result "1-0"]
[WhiteElo "2415"]
[BlackElo "2184"]
[EventDate "2015.11.03"]
[WhiteTitle "IM"]
[BlackTitle "FM"]
[WhiteFideId "10201955"]
[BlackFideId "10200983"]

1.e4 e5 2.Nf3 Nc6 3.Bc4 Bc5 4.c3 Nf6 5.d3 d6 6.Bb3 O-O 7.Nbd2 a6 8.h3 Be6 
9.Bc2 Ba7 10.O-O h6 11.Re1 Re8 12.Nf1 d5 13.Qe2 Qd7 14.N3h2 Nh7 15.Ng3 Ne7
16.Ng4 Bxg4 17.hxg4 Ng6 18.exd5 Nf4 19.Bxf4 exf4 20.Ne4 Ng5 21.Qd1 Qxd5 
22.Bb3 Qa5 23.Nxg5 Qxg5 24.Qf3 c6 25.d4 Rad8 26.Re2 Rxe2 27.Qxe2 c5 28.Qf3
Qe7 29.d5 Bb8 30.a4 Re8 31.Rd1 Qd6 32.Bc4 Bc7 33.Kf1 g6 34.Re1 Rxe1+ 35.
Kxe1 Qe5+ 36.Qe2 Qxe2+ 37.Bxe2 Kg7 38.Kd2 Kf6 39.Kd3 Ke5 40.Kc4 Bd6 41.a5 
f5 42.Bd1 Kf6 43.gxf5 Kxf5 44.Ba4 g5 45.Bd7+ Ke5 46.Bc8 h5 47.Bxb7 f3 48.
gxf3 Kf4 49.Bxa6 Kxf3 50.Bc8 Kxf2 51.a6 g4 52.a7 g3 53.Bh3 1-0

[Event "41st ch-BAN B 2015"]
[Site "Dhaka BAN"]
[Date "2015.10.15"]
[Round "1.40"]
[White "Md, Asifur Rahman"]
[Black "Waheduzzaman"]
[Result "0-1"]
[WhiteElo "1736"]
[BlackElo "2011"]
[EventDate "2015.10.15"]
[WhiteFideId "10210040"]
[BlackFideId "10214321"]

1.e4 e5 2.Nf3 Nc6 3.Bc4 Bc5 4.d4 exd4 5.Ng5 Ne5 6.Nxf7 Bb4+ 7.c3 dxc3 8.
bxc3 Nxf7 9.Bxf7+ Kxf7 10.Qb3+ d5 11.Qxb4 dxe4 12.O-O Nf6 13.Qb3+ Qd5 14.
c4 Qd3 15.Nc3 Be6 16.Rd1 Qxc4 17.Qb2 Rhd8 18.Bf4 b6 19.Rac1 c6 20.Bc7 Rd3 
21.Rxd3 Qxd3 22.Rd1 Qc4 23.Qa3 b5 24.Bd8 b4 25.Qa5 Qxc3 26.Qc7+ Kg6 27.h4 
h6 28.Qd6 Bxa2 29.h5+ Kxh5 30.Qf4 Rxd8 31.Qf5+ g5 32.Rxd8 Qa1+ 33.Kh2 Qe5+
34.Qxe5 Ng4+ 35.Kh3 Nxe5 36.Re8 b3 37.Rb8 Nc4 38.Rg8 Ne5 39.Rb8 g4+ 40.Kg3
Nc4 41.f3 gxf3 42.gxf3 b2 0-1

[Event "41st ch-BAN B 2015"]
[Site "Dhaka BAN"]
[Date "2015.10.16"]
[Round "2.22"]
[White "Islam, She"]
[Black "Hossain, Enay"]
[Result "1/2-1/2"]
[WhiteElo "1914"]
[BlackElo "2102"]
[EventDate "2015.10.15"]
[WhiteFideId "10205764"]
[BlackFideId "10201033"]

1.e4 e5 2.Nf3 Nc6 3.Bc4 Be7 4.c3 Nf6 5.Qe2 O-O 6.d3 d6 7.h3 Na5 8.Bb5 a6 
9.Ba4 b5 10.Bc2 c5 11.Nbd2 Nc6 12.Nf1 Qc7 13.Be3 d5 14.g4 dxe4 15.dxe4 b4 
16.Ng3 bxc3 17.bxc3 Qa5 18.Bd2 Rb8 19.g5 Ne8 20.Nf5 Rb2 21.Nxe7+ Nxe7 22.
c4 Qa3 23.Qd3 f6 1/2-1/2

[Event "41st ch-BAN B 2015"]
[Site "Dhaka BAN"]
[Date "2015.10.16"]
[Round "2.44"]
[White "Nasiruddin, A"]
[Black "Md. Shahidul, I"]
[Result "0-1"]
[WhiteElo "1901"]
[BlackElo "1773"]
[EventDate "2015.10.15"]
[WhiteFideId "10203800"]
[BlackFideId "10208054"]

1.e4 e5 2.Nf3 Nc6 3.Bc4 Bc5 4.O-O Nf6 5.Nc3 a6 6.h3 d6 7.a3 O-O 8.d3 h6 9.
Ne2 Nh5 10.Kh2 Kh7 11.c3 f5 0-1

[Event "41st ch-BAN B 2015"]
[Site "Dhaka BAN"]
[Date "2015.10.18"]
[Round "4.31"]
[White "Subrata, Biswas"]
[Black "Haque, Sh"]
[Result "0-1"]
[WhiteElo "2038"]
[BlackElo "1883"]
[EventDate "2015.10.15"]
[WhiteFideId "10216200"]
[BlackFideId "10202218"]

1.e4 e5 2.Nf3 Nc6 3.Bc4 Bc5 4.c3 d6 5.d4 exd4 6.cxd4 Bb4+ 7.Bd2 Bxd2+ 8.
Nbxd2 Bg4 9.Qb3 Na5 10.Bxf7+ Kf8 11.Qa4 Kxf7 12.Qxa5 Nf6 13.O-O b6 14.Qc3 
Re8 15.h3 Bxf3 16.Qxf3 Kg8 17.Rfe1 Rf8 18.Qb3+ Kh8 19.Rad1 Nh5 20.g3 Qf6 
21.Qe3 Qe6 22.Kh2 Qxa2 23.f4 Qxb2 24.e5 Qa2 25.f5 Rae8 26.Qg5 g6 27.f6 
dxe5 28.dxe5 Qa3 29.Re3 Qc5 30.Nb3 Qc2+ 31.Rd2 Qf5 32.Qh6 c5 33.Kg2 Qe6 
34.g4 Nxf6 35.exf6 Qxf6 36.Rde2 Rxe3 37.Qxe3 Qc6+ 38.Kg1 a5 39.Nd2 Qf6 40.
Ne4 Qf1+ 41.Kh2 Rf3 42.Qxf3 Qxf3 43.Ng3 b5 44.g5 c4 45.h4 c3 46.Kh3 b4 0-1

[Event "41st ch-BAN B 2015"]
[Site "Dhaka BAN"]
[Date "2015.10.18"]
[Round "4.35"]
[White "All, Quem Rezvi"]
[Black "Faisal, H"]
[Result "0-1"]
[WhiteElo "1674"]
[BlackElo "1968"]
[EventDate "2015.10.15"]
[WhiteFideId "10209662"]
[BlackFideId "10205942"]

1.e4 e5 2.Nf3 Nc6 3.Bc4 Nf6 4.Ng5 d5 5.exd5 Na5 6.d3 h6 7.Nf3 e4 8.Ne5 
Nxc4 9.Nxc4 Qxd5 10.O-O exd3 11.Re1+ Be6 12.cxd3 Rd8 13.Ne5 Qa5 14.Nc3 Bb4
15.Qc2 O-O 16.a3 Bd6 17.Nc4 Qf5 18.Nxd6 Rxd6 19.Ne4 Rc6 20.Qe2 Rd8 21.
Nxf6+ Qxf6 22.Be3 Qg6 23.Rec1 Bd5 24.g3 Rf6 25.Rxc7 Bc6 26.Re7 Rxd3 27.
Bxa7 Rdf3 28.Re5 Qg4 29.Qc2 Rg6 30.Qe2 Qh3 31.Qf1 Qg4 32.Qe2 Kh7 33.Re1 f6
34.Re7 Qf5 35.b4 0-1

[Event "41st ch-BAN B 2015"]
[Site "Dhaka BAN"]
[Date "2015.10.18"]
[Round "4.42"]
[White "Shufu, Khan"]
[Black "Rana Protap, S"]
[Result "0-1"]
[WhiteElo "1787"]
[BlackElo "1903"]
[EventDate "2015.10.15"]
[WhiteFideId "10206540"]
[BlackFideId "10208151"]

1.e4 e5 2.Nf3 Nc6 3.Bc4 Nf6 4.Nc3 Be7 5.O-O d6 6.d4 Bg4 7.dxe5 Nxe5 8.Be2 
Ng6 9.h3 Bxf3 10.Bxf3 O-O 11.e5 Nxe5 12.Bxb7 Rb8 13.Bd5 Nxd5 14.Nxd5 Re8 
15.Nxe7+ Qxe7 16.b3 a5 17.Qd5 c5 18.Be3 Rb6 19.Rad1 Qe6 20.Rd2 Ng6 21.Rfd1
Qxd5 22.Rxd5 Re6 23.g3 Kf8 24.Kf1 Rc6 25.Bd2 Ra6 26.f4 Ne7 27.Rd3 d5 28.g4
g6 29.c4 d4 30.Re1 Rxe1+ 31.Bxe1 f5 32.Ke2 Nc8 33.gxf5 gxf5 34.Bh4 Nd6 35.
Bf6 Ne4 36.Be5 Ke7 37.Kf1 Kd7 38.Bh8 Rb6 39.Be5 0-1

[Event "41st ch-BAN B 2015"]
[Site "Dhaka BAN"]
[Date "2015.10.19"]
[Round "5.13"]
[White "Md. Abdur, Rau2"]
[Black "Abdullah, AlS"]
[Result "0-1"]
[WhiteElo "1890"]
[BlackElo "2134"]
[EventDate "2015.10.15"]
[WhiteFideId "10205780"]
[BlackFideId "10203257"]

1.e4 e5 2.Nf3 Nc6 3.Bc4 d6 4.d4 exd4 5.Nxd4 g6 6.O-O Bg7 7.Be3 Ne5 8.Be2 
Nf6 9.Nc3 O-O 10.h3 Re8 11.f4 Ned7 12.Bf3 Nc5 13.e5 Nfd7 14.Qd2 dxe5 15.
Ndb5 Ne6 16.fxe5 Nxe5 17.Qf2 c5 18.Rad1 Qe7 19.Nd6 Rd8 20.Nxc8 Raxc8 21.
Be2 b6 22.a3 f5 23.Ba6 Rb8 24.Ne2 Nc7 25.Bd3 Nxd3 26.cxd3 Re8 27.Bf4 Qxe2 
28.Qxe2 Rxe2 29.Bxc7 0-1

[Event "ch-POR Semi-Rapid Final"]
[Site "Mirandela POR"]
[Date "2015.11.15"]
[Round "1"]
[White "Gomes, B"]
[Black "Ferreira, Jor1"]
[Result "0-1"]
[WhiteElo "2277"]
[BlackElo "2488"]
[EventDate "2015.11.15"]
[WhiteTitle "CM"]
[BlackTitle "IM"]
[WhiteFideId "1908154"]
[BlackFideId "1910850"]

1.e4 e5 2.Nf3 Nc6 3.Bc4 Bc5 4.O-O d6 5.c3 Bg4 6.d3 Nf6 7.Bg5 h6 8.Bh4 g5 
9.Bg3 Bb6 10.Nbd2 Qd7 11.h3 Bh5 12.Bb5 a6 13.Qa4 O-O-O 14.Bxc6 Qxc6 15.
Qxc6 bxc6 16.Nxe5 dxe5 17.Bxe5 Rd6 18.Bxd6 cxd6 19.Nc4 Bc7 20.Rae1 d5 21.
exd5 cxd5 22.Ne5 Re8 23.d4 Ne4 24.f3 Ng3 25.Rf2 f6 26.Nd3 Rxe1+ 27.Nxe1 
Bf4 28.Nc2 Bg6 29.Nb4 Bf7 30.Nxa6 Be3 31.Nb4 Nh1 32.Kxh1 Bxf2 33.g4 Kc7 
34.Kg2 Be3 35.Kf1 Bf4 36.Ke2 Bd6 37.Nc2 Bg6 38.Ne3 Kc6 39.b3 Bf4 40.c4 
Bxe3 41.Kxe3 Bb1 42.Kd2 Bxa2 43.Kc3 Bb1 44.Kd2 Bg6 45.Ke3 Bc2 46.c5 Bxb3 
47.f4 Bc2 48.Kf3 Bg6 49.Kg3 Be8 50.Kf3 Kb5 51.Ke2 Kc4 0-1

[Event "42nd ch-IND w 2015"]
[Site "Kolkata IND"]
[Date "2015.11.14"]
[Round "2.6"]
[White "Swathi, G"]
[Black "Sachdev, T"]
[Result "1-0"]
[WhiteElo "2230"]
[BlackElo "2385"]
[EventDate "2015.11.13"]
[WhiteTitle "WGM"]
[BlackTitle "IM"]
[WhiteFideId "5003474"]
[BlackFideId "5007844"]

1.e4 e5 2.Nf3 Nc6 3.Bc4 Nf6 4.d3 Bc5 5.c3 O-O 6.Nbd2 d5 7.exd5 Nxd5 8.Ne4 
Be7 9.O-O Bg4 10.h3 Bh5 11.Re1 Nb6 12.Bb5 Bd6 13.Nxd6 cxd6 14.d4 Bxf3 15.
Qxf3 exd4 16.Bxc6 bxc6 17.Qxc6 Rc8 18.Qf3 dxc3 19.bxc3 Nc4 20.Bf4 Qf6 21.
Rad1 Rfd8 22.Rd4 h6 23.Qb7 Na5 24.Qa6 Nc6 25.Rxd6 Qxf4 26.Rxc6 Qd2 27.Rxc8
Qxe1+ 28.Kh2 Qe5+ 29.g3 Rxc8 30.Qxc8+ Kh7 31.Qd7 a5 32.Qd3+ f5 33.c4 Kh8 
34.Kg2 a4 35.Qd5 Qe2 36.c5 Qc2 37.c6 Kh7 38.g4 g6 39.Qf7+ Kh8 40.Qe8+ Kh7 
41.Qe7+ Kh8 42.c7 Qc6+ 43.Kg3 Qc3+ 44.f3 Qc1 45.gxf5 Qg1+ 46.Kf4 Qd4+ 47.
Qe4 Qd2+ 48.Ke5 1-0

[Event "42nd ch-IND w 2015"]
[Site "Kolkata IND"]
[Date "2015.11.16"]
[Round "4.5"]
[White "Swathi, G"]
[Black "Vaishali, R"]
[Result "1-0"]
[WhiteElo "2230"]
[BlackElo "2298"]
[EventDate "2015.11.13"]
[WhiteTitle "WGM"]
[BlackTitle "WFM"]
[WhiteFideId "5003474"]
[BlackFideId "5091756"]

1.e4 e5 2.Nf3 Nc6 3.Bc4 Nf6 4.d3 Bc5 5.c3 a6 6.Bb3 d6 7.h3 Ba7 8.Nbd2 O-O 
9.Nf1 Qe7 10.Ng3 Be6 11.O-O h6 12.Nh4 Kh7 13.Nhf5 Bxb3 14.axb3 Qe6 15.Kh1 
d5 16.exd5 Nxd5 17.Qg4 Qg6 18.Qf3 Nce7 19.Ra4 Nxf5 20.Nxf5 Nf4 21.g4 Ne6 
22.Ra5 Qf6 23.Qxb7 Bb6 24.Ra2 g6 25.Ng3 Nc5 26.Qg2 Nxd3 27.g5 Qe6 28.Ne4 
h5 29.Ra3 Rad8 30.b4 Nxc1 31.Rxc1 Rd3 32.Kh2 Qf5 33.Re1 Qf4+ 34.Kh1 Rfd8 
35.c4 Rd1 36.Ra1 R1d2 37.c5 Ba7 38.Nxd2 Rxd2 39.Rxa6 Bb6 40.Kg1 Qc4 41.Ra8
Qxb4 42.cxb6 Rxb2 43.Rd1 cxb6 44.Rdd8 Rb1+ 45.Kh2 Qf4+ 46.Qg3 1-0

[Event "Aloas Cup Magistral 2015"]
[Site "Buenos Aires ARG"]
[Date "2015.11.08"]
[Round "9.1"]
[White "Alonso, S"]
[Black "Lima, Da"]
[Result "1/2-1/2"]
[WhiteElo "2499"]
[BlackElo "2522"]
[EventDate "2015.11.01"]
[WhiteTitle "GM"]
[BlackTitle "GM"]
[WhiteFideId "105198"]
[BlackFideId "2100045"]
[EventType "tourn"]

1.e4 e5 2.Nf3 Nc6 3.Bc4 Be7 4.O-O Nf6 5.d3 O-O 6.Re1 d6 7.c3 Na5 8.Bb5 a6 
9.Ba4 b5 10.Bc2 c5 11.Nbd2 Nc6 12.Nf1 Re8 13.Ng3 Bf8 14.h3 h6 15.a4 
1/2-1/2

[Event "Hotel Sajam 6 Open 2015"]
[Site "Novi Sad SRB"]
[Date "2015.11.05"]
[Round "8.5"]
[White "Meszaros, An"]
[Black "Lajthajm, B"]
[Result "0-1"]
[WhiteElo "2259"]
[BlackElo "2437"]
[EventDate "2015.11.01"]
[WhiteTitle "IM"]
[BlackTitle "GM"]
[WhiteFideId "700720"]
[BlackFideId "916358"]

1.e4 e5 2.Nf3 Nc6 3.Bc4 d6 4.c3 Be7 5.d3 Nf6 6.Nbd2 O-O 7.Bb3 b5 8.a4 b4 
9.a5 Rb8 10.O-O Ba6 11.Qe2 Qc8 12.Bc4 Bxc4 13.Nxc4 bxc3 14.bxc3 a6 15.h3 
Re8 16.Ba3 0-1

[Event "Philippine Int Open 2015"]
[Site "Olongapo City PHI"]
[Date "2015.11.13"]
[Round "7.2"]
[White "Demchenko, A"]
[Black "Lin Chen"]
[Result "1/2-1/2"]
[WhiteElo "2592"]
[BlackElo "2520"]
[EventDate "2015.11.09"]
[WhiteTitle "GM"]
[BlackTitle "IM"]
[WhiteFideId "4160258"]
[BlackFideId "8602298"]

1.e4 e5 2.Nf3 Nc6 3.Bc4 Bc5 4.d3 Nf6 5.Bg5 h6 6.Bh4 d6 7.c3 Bb6 8.Nbd2 Qe7
9.O-O g5 10.Bg3 Bg4 11.a4 Nh5 12.Kh1 O-O 13.h3 Bd7 14.Nh2 Nf4 15.Ng4 Kg7 
16.Ne3 Bxe3 17.fxe3 Ng6 18.Qh5 f5 19.exf5 Bxf5 20.d4 exd4 21.exd4 Qd7 22.
Rf2 Bc2 23.Raf1 Rxf2 24.Rxf2 Rf8 25.Rxf8 Nxf8 26.h4 Nh7 27.Qe2 Qe7 28.
Qxe7+ Nxe7 29.hxg5 hxg5 30.a5 Nf6 31.Kg1 1/2-1/2

[Event "14th Iranian Super League"]
[Site "Mashad IRI"]
[Date "2015.11.11"]
[Round "10.4"]
[White "Gholami, A"]
[Black "Pashikian, A"]
[Result "1/2-1/2"]
[WhiteElo "2405"]
[BlackElo "2614"]
[EventDate "2015.07.17"]
[WhiteTitle "FM"]
[BlackTitle "GM"]
[WhiteTeam "Rah & Shahrsazi Lorestan"]
[BlackTeam "Saipa"]
[WhiteFideId "12513342"]
[BlackFideId "13301578"]
[EventType "team"]

1.e4 e5 2.Nf3 Nc6 3.Bc4 Bc5 4.c3 Nf6 5.d4 exd4 6.e5 d5 7.Bb5 Ne4 8.cxd4 
Bb6 9.Be3 O-O 10.Nc3 Bg4 11.h3 Bh5 12.Qc2 Nxc3 13.bxc3 Bg6 14.Qd2 Na5 15.
Bg5 f6 16.exf6 gxf6 17.Bh6 Rf7 18.O-O Nc4 19.Bxc4 dxc4 20.Rfe1 Qd6 21.Re3 
Kh8 22.Rae1 Rg8 23.Nh2 c5 24.d5 Bd3 1/2-1/2

[Event "14th Iranian Super League"]
[Site "Mashad IRI"]
[Date "2015.11.11"]
[Round "10.4"]
[White "Pourramezanali, A"]
[Black "Grabliauskas, V"]
[Result "1/2-1/2"]
[WhiteElo "2453"]
[BlackElo "2332"]
[EventDate "2015.07.17"]
[WhiteTitle "IM"]
[BlackTitle "IM"]
[WhiteTeam "Saipa"]
[BlackTeam "Rah & Shahrsazi Lorestan"]
[WhiteFideId "12511412"]
[BlackFideId "12800597"]
[EventType "team"]

1.e4 e5 2.Nf3 Nc6 3.Bc4 Bc5 4.c3 Nf6 5.d4 exd4 6.cxd4 Bb4+ 7.Bd2 Bxd2+ 8.
Nbxd2 d5 9.exd5 Nxd5 10.O-O O-O 11.Rc1 h6 12.Re1 a5 13.Ne4 Nb6 14.Bb5 Ne7 
15.Nc5 c6 16.Bf1 Nf5 17.Bd3 Nd6 18.Ne5 Nb5 19.Bxb5 cxb5 20.Qe2 Qxd4 21.
Qxb5 Qb4 22.Qd3 Na4 23.Nxf7 Nxc5 24.Nxh6+ Kh8 25.Nf7+ 1/2-1/2

[Event "14th Iranian Super League"]
[Site "Mashad IRI"]
[Date "2015.11.12"]
[Round "12.4"]
[White "Khoshkalam, Seyed Mehrab"]
[Black "Khamisi, S"]
[Result "0-1"]
[WhiteElo "2252"]
[BlackElo "2178"]
[EventDate "2015.07.17"]
[WhiteTeam "Donya Felez Rasht"]
[BlackTeam "Damon Sakht Shomal"]
[WhiteFideId "12508764"]
[BlackFideId "12525081"]
[EventType "team"]

1.e4 e5 2.Nf3 Nc6 3.Bc4 Bc5 4.d3 Nf6 5.c3 d6 6.h3 O-O 7.Bb3 Bb6 8.Nbd2 Be6
9.Bc2 Re8 10.Qe2 Ne7 11.Ng5 Bd7 12.Bb3 Rf8 13.Nc4 h6 14.Nxb6 axb6 15.Nf3 
Ba4 16.Bxa4 Rxa4 17.g4 Qd7 18.g5 hxg5 19.Bxg5 Nh7 20.Rg1 Kh8 21.Nh4 f6 22.
Be3 g5 23.Qh5 gxh4 24.Bh6 Rg8 25.Ke2 Qe6 26.Bg7+ Rxg7 27.Qe8+ Qg8 0-1

[Event "4NCL 2015-16"]
[Site "Birmingham ENG"]
[Date "2015.11.15"]
[Round "2.157"]
[White "Lenier, J"]
[Black "Hebden, M"]
[Result "0-1"]
[WhiteElo "2059"]
[BlackElo "2467"]
[EventDate "2015.11.14"]
[BlackTitle "GM"]
[WhiteTeam "Sussex Martlets"]
[BlackTeam "Guildford 1"]
[WhiteFideId "470678"]
[BlackFideId "400084"]

1.e4 e5 2.Nf3 Nc6 3.Bc4 Nf6 4.d3 Be7 5.Nc3 O-O 6.h3 d6 7.a3 Be6 8.Nd5 Bxd5
9.exd5 Nb8 10.O-O Nbd7 11.Ba2 a5 12.a4 Ne8 13.d4 e4 14.Nd2 f5 15.Qe2 Bg5 
16.Nc4 Bxc1 17.Raxc1 Qh4 18.c3 Nef6 19.f3 Nh5 20.Qf2 Ng3 21.Rfe1 Nf6 22.
Bb1 b6 23.Kh2 Nfh5 24.Nd2 Rae8 25.Kg1 Qg5 26.Nc4 exf3 27.Qxf3 Ne2+ 0-1

[Event "TCh-CZE 1 Liga Vychod"]
[Site "Czech Republic CZE"]
[Date "2015.10.11"]
[Round "1.6"]
[White "Hrabal, M"]
[Black "Hofirek, Benedikt"]
[Result "0-1"]
[WhiteElo "2130"]
[BlackElo "2250"]
[EventDate "2015.10.11"]
[WhiteTeam "A64 VALOZ Grygov"]
[BlackTeam "Lokomotiva Brno A"]
[WhiteFideId "328561"]
[BlackFideId "351741"]

1.e4 e5 2.Nf3 Nc6 3.Bc4 Bc5 4.b4 Bxb4 5.c3 Bd6 6.d4 Qe7 7.O-O h6 8.Bb3 b6 
9.Nxe5 Nxe5 10.f4 Nc6 11.e5 Bc5 12.dxc5 Ba6 13.Re1 Qxc5+ 14.Kh1 Nge7 15.
Be3 Qa5 16.c4 Nf5 17.Bd2 Qc5 18.Nc3 Bxc4 19.Qg4 Be6 20.Bxe6 dxe6 21.Rac1 
Ncd4 22.Ne4 Qe7 23.Bc3 Nb5 24.Qe2 Nxc3 25.Rxc3 O-O 26.g4 Nd4 27.Qg2 Rfd8 
28.g5 g6 29.Nf6+ Kh8 30.gxh6 Qb4 31.Rec1 Nb5 32.Rc4 Qf8 33.Qg5 c5 34.Ne4 
f5 35.exf6 Qf7 36.Rg1 Nd6 37.Nxd6 Rxd6 38.Re4 Rg8 39.h4 Rd3 40.Rge1 Rd6 
41.Rg1 Rd5 42.Re5 Rd2 43.Rg2 Rxg2 44.Kxg2 Rd8 45.Re2 Rd5 46.Qg4 Rf5 47.Rd2
Qxf6 48.Qd1 Kh7 49.Rd7+ Kxh6 50.Qd2 Rxf4 51.Rxa7 Qxh4 0-1

[Event "TCh-CZE 1 Liga Vychod"]
[Site "Czech Republic CZE"]
[Date "2015.10.11"]
[Round "1.7"]
[White "Kratochvil, Mila"]
[Black "Fuksik, J"]
[Result "1-0"]
[WhiteElo "2232"]
[BlackElo "2189"]
[EventDate "2015.10.11"]
[WhiteTeam "Lokomotiva Brno A"]
[BlackTeam "A64 VALOZ Grygov"]
[WhiteFideId "331015"]
[BlackFideId "305197"]

1.e4 e5 2.Nf3 Nc6 3.Bc4 Nf6 4.Ng5 d5 5.exd5 Na5 6.Bb5+ c6 7.dxc6 bxc6 8.
Bd3 h6 9.Ne4 Nd5 10.O-O Be7 11.Re1 O-O 12.Ng3 Bd6 13.a3 f5 14.b4 Nb7 15.
Bb2 Qc7 16.Nc3 Nf4 17.Bc4+ Kh7 18.Nce2 Ng6 19.f3 a5 20.c3 e4 21.fxe4 f4 
22.Nf1 Bg4 23.d4 f3 24.gxf3 Bxf3 25.Qc2 Qd7 26.e5 Bxe5 27.dxe5 Qg4+ 28.
Neg3 Qxc4 29.Nd2 Qg4 30.Nxf3 Rxf3 31.Re4 Qe6 32.Ne2 c5 33.bxc5 Nxc5 34.Nd4
Qb6 35.Rg4 Rb8 36.Nxf3 Nb3+ 37.Nd4 Nxa1 38.Qd3 Kh8 39.Qxg6 Qxg6 40.Rxg6 
Rxb2 41.e6 1-0

[Event "TCh-CZE 1 Liga Vychod"]
[Site "Czech Republic CZE"]
[Date "2015.10.25"]
[Round "2.4"]
[White "Nabelek, M"]
[Black "Hrabal, M"]
[Result "1-0"]
[WhiteElo "2279"]
[BlackElo "2130"]
[EventDate "2015.10.11"]
[WhiteTeam "KVS EKODIVIZE Opava"]
[BlackTeam "A64 VALOZ Grygov"]
[WhiteFideId "316245"]
[BlackFideId "328561"]

1.e4 e5 2.Nf3 Nc6 3.Bc4 Nf6 4.d3 Be7 5.c3 O-O 6.Bb3 d6 7.h3 Na5 8.Bc2 c5 
9.O-O Nc6 10.Qe2 Ne8 11.Rd1 f5 12.d4 fxe4 13.Bxe4 exd4 14.cxd4 Nxd4 15.
Nxd4 cxd4 16.Qc4+ Kh8 17.Qxd4 Bf6 18.Qd3 Be5 19.Nd2 Be6 20.Nf3 Bf4 21.Bxb7
Rb8 22.Bxf4 Rxf4 23.Qe3 Qf6 24.Qxa7 Rd8 25.Rd4 Rf5 26.Be4 Rc5 27.Rad1 Rdc8
28.Qa3 Nc7 29.Qe3 Nb5 30.R4d2 Bxa2 31.Bd3 Nc7 32.b4 Re8 33.Qd4 Qxd4 34.
Nxd4 Rd5 35.Bf1 Re4 36.Rxa2 Rexd4 37.Rxd4 Rxd4 38.Rc2 1-0

[Event "TCh-CZE 1 Liga Vychod"]
[Site "Czech Republic CZE"]
[Date "2015.10.25"]
[Round "2.7"]
[White "Dvorak, M"]
[Black "Kratochvil, K"]
[Result "1-0"]
[WhiteElo "2179"]
[BlackElo "2191"]
[EventDate "2015.10.11"]
[WhiteTeam "Slavia Kromeriz A"]
[BlackTeam "Lokomotiva Brno A"]
[WhiteFideId "327751"]
[BlackFideId "325546"]

1.e4 e5 2.Bc4 Nc6 3.Nf3 Nf6 4.d4 exd4 5.e5 d5 6.Bb5 Ne4 7.Nxd4 Bd7 8.Bxc6 
bxc6 9.O-O Be7 10.f3 Ng5 11.f4 Ne4 12.Be3 c5 13.Nf3 d4 14.Bf2 Rb8 15.b3 
Bc6 16.Nfd2 g5 17.Nxe4 Bxe4 18.Nd2 Ba8 19.fxg5 Qd5 20.Nf3 h6 21.gxh6 Rb6 
22.Qd3 Rbxh6 23.Bg3 Bg5 24.Qf5 Be3+ 25.Bf2 Rxh2 26.Qc8+ Ke7 27.Qxc7+ Kf8 
28.Qc8+ Ke7 29.Qc7+ Ke6 30.Bxe3 Rh1+ 31.Kf2 dxe3+ 32.Ke2 Rxf1 33.Rxf1 Kf5 
34.Qe7 Rg8 35.Qf6+ Kg4 36.Qh4+ Kf5 37.Ng5+ Kxe5 38.Qf4# 1-0